[Event "Dhaka Zia Memorial"]
[Site "Dhaka"]
[Date "2025.07.10"]
[Round "8"]
[White "Subrota, Biswas"]
[Black "Subhayan, Kundu"]
[Result "1-0"]
[WhiteElo "2304"]
[BlackElo "2334"]
[PlyCount "115"]
[EventDate "2025.07.05"]
[EventType "swiss"]
[EventRounds "9"]
[EventCountry "BAN"]
[SourceTitle "CB29_2025"]
[SourceDate "2025.07.16"]
[SourceVersion "1"]
[SourceVersionDate "2025.07.16"]
[SourceQuality "1"]

1. d4 Nf6 2. c4 g6 3. Nc3 Bg7 4. e4 d6 5. Nf3 0-0 6. Be2 e5 7. d5 a5 8. Bg5 h6 9. Bh4 Na6 10. Nd2 g5 11. Bg3 c6 12. 0-0 Bd7 13. a3 Kh7 14. Rb1 c5 15. Re1 Rh8 16. Nf1 Kg8 17. Ne3 h5 18. h3 b6 19. Bf3 Nc7 20. Nf5 Bxf5 21. exf5 Qd7 22. Ne4 Nxe4 23. Bxe4 b5 24. b4 axb4 25. axb4 Na6 26. Ra1 Ra7 27. cxb5 Nxb4 28. b6 Ra4 29. Ra3 Rxa3 30. Qb1 Ra1 31. Qxa1 Bf6 32. Qa7 Qxa7 33. bxa7 Kg7 34. Ra1 Ra8 35. f3 h4 36. Bf2 Be7 37. Bxc5 dxc5 38. d6 Rxa7 39. Rxa7 Bxd6 40. Rd7 Bf8 41. Kf1 Kf6 42. Ke2 Be7 43. Kd2 Bf8 44. Kc3 Be7 45. Kc4 Na2 46. Rb7 Nb4 47. Rb6+ Kg7 48. f6+ Bxf6 49. Kxc5 Be7+ 50. Kc4 Na2 51. Rb2 Nb4 52. Rxb4 Bxb4 53. Kxb4 Kf6 54. Kc5 Ke6 55. Bd5+ Ke7 56. Bc4 f5 57. Kd5 Kf6 58. Be2 1-0

[Event "Dhaka Zia Memorial"]
[Site "Dhaka"]
[Date "2025.07.06"]
[Round "2"]
[White "Hasan, Sk Rashedul"]
[Black "Subhayan, Kundu"]
[Result "0-1"]
[WhiteElo "2039"]
[BlackElo "2334"]
[PlyCount "88"]
[EventDate "2025.07.05"]
[EventType "swiss"]
[EventRounds "9"]
[EventCountry "BAN"]
[SourceTitle "CB29_2025"]
[SourceDate "2025.07.16"]
[SourceVersion "1"]
[SourceVersionDate "2025.07.16"]
[SourceQuality "1"]

1. e4 e6 2. d4 d5 3. Nc3 Nf6 4. Bg5 dxe4 5. Nxe4 Be7 6. Bxf6 gxf6 7. Bd3 f5 8. Ng3 c5 9. Nf3 Nc6 10. dxc5 Qa5+ 11. c3 Qxc5 12. Qe2 Bd7 13. 0-0-0 0-0-0 14. Kb1 h5 15. Rhe1 Bf6 16. Nd2 h4 17. Nh5 Be5 18. f4 Bc7 19. Nc4 Qf8 20. Qf3 Ne7 21. Be2 Bc6 22. Qf2 Kb8 23. Ne5 Be4+ 24. Ka1 Nd5 25. g4 Bb6 26. Qxh4 Ne3 27. Rxd8+ Bxd8 28. Qf2 Nc2+ 29. Kb1 Nxe1+ 30. Kc1 Qe8 31. Qxe1 fxg4 32. Bxg4 f5 33. Ng3 Bd5 34. Bf3 Bxf3 35. Nxf3 Bc7 36. Qe3 Qa4 37. Ne2 Qxa2 38. Ned4 Re8 39. h4 Qd5 40. Qd2 Qe4 41. Qc2 Bxf4+ 42. Kb1 e5 43. Nxf5 Qxf3 44. Nd6 Qf1+ 0-1

[Event "Maharashtra op 3rd"]
[Site "Hadapsar"]
[Date "2025.04.21"]
[Round "2"]
[White "Subhayan, Kundu"]
[Black "Vignesh, B2."]
[Result "1-0"]
[WhiteElo "2356"]
[BlackElo "2193"]
[PlyCount "99"]
[EventDate "2025.04.20"]
[EventType "swiss"]
[EventRounds "10"]
[EventCountry "IND"]
[SourceTitle "CB18_2025"]
[SourceDate "2025.04.30"]
[SourceVersion "1"]
[SourceVersionDate "2025.04.30"]
[SourceQuality "1"]

1. e4 e5 2. Nf3 Nc6 3. Bc4 Be7 4. 0-0 d6 5. a4 Nf6 6. d3 0-0 7. Nc3 Bg4 8. h3 Bxf3 9. Qxf3 Nd4 10. Qd1 c6 11. Ba2 Ne6 12. Re1 a6 13. Ne2 d5 14. Ng3 Bd6 15. c3 Re8 16. Nf5 dxe4 17. dxe4 Bf8 18. Qf3 g6 19. Nh6+ Bxh6 20. Bxh6 Kh8 21. Rad1 Qe7 22. Qg3 Qc7 23. Qh4 Ng8 24. Be3 Kg7 25. a5 Rad8 26. Bxe6 Rxd1 27. Rxd1 Rxe6 28. Bb6 Qe7 29. Qxe7 Rxe7 30. Bc5 Re6 31. Rd7 Nf6 32. Rxb7 Nxe4 33. Be3 Rd6 34. Ra7 c5 35. f3 Rd1+ 36. Kh2 Nd2 37. Bxc5 g5 38. Kg3 h5 39. Rxa6 Rb1 40. Be7 Rxb2 41. Bxg5 Nf1+ 42. Kh4 Rxg2 43. Bf6+ Kh7 44. Bxe5 Ne3 45. Kxh5 Nf5 46. Ra8 f6 47. Bxf6 Ng3+ 48. Kg5 Ne4+ 49. Kf5 Nxf6 50. Kxf6 1-0

[Event "Bengaluru Namma op 2nd"]
[Site "Bengaluru"]
[Date "2025.04.16"]
[Round "8"]
[White "Subhayan, Kundu"]
[Black "Chinmay, Kowshik"]
[Result "1-0"]
[WhiteElo "2356"]
[BlackElo "2011"]
[PlyCount "81"]
[EventDate "2025.04.10"]
[EventType "swiss"]
[EventRounds "10"]
[EventCountry "IND"]
[SourceTitle "CB18_2025"]
[SourceDate "2025.04.30"]
[SourceVersion "1"]
[SourceVersionDate "2025.04.30"]
[SourceQuality "1"]

1. e4 c5 2. Nf3 e6 3. d4 cxd4 4. Nxd4 a6 5. c4 Nf6 6. Nc3 Qc7 7. a3 d6 8. Be3 Nbd7 9. Be2 b6 10. 0-0 Bb7 11. f3 Be7 12. Qd2 0-0 13. b4 Rac8 14. Rac1 Qb8 15. Rfd1 Bd8 16. Nb3 Bc7 17. Bf4 Ne5 18. Bxe5 dxe5 19. Qe3 Rfd8 20. c5 b5 21. Na2 Rxd1+ 22. Rxd1 Rd8 23. Rc1 Bc6 24. Na5 Bxa5 25. bxa5 Qc7 26. Nb4 Nd7 27. Nxa6 Qxa5 28. Nb4 Nb8 29. Qc3 Qa7 30. Nxc6 Nxc6 31. Bxb5 Nd4 32. a4 Rb8 33. Qc4 Qa5 34. c6 Qd2 35. Qc3 Qg5 36. c7 Rc8 37. Kh1 Qf4 38. Rf1 Qh4 39. Ba6 g6 40. Bxc8 Ne2 41. Qe1 1-0

[Event "Bengaluru Namma op 2nd"]
[Site "Bengaluru"]
[Date "2025.04.13"]
[Round "5"]
[White "Soham, Roy1"]
[Black "Subhayan, Kundu"]
[Result "0-1"]
[WhiteElo "2085"]
[BlackElo "2356"]
[PlyCount "84"]
[EventDate "2025.04.10"]
[EventType "swiss"]
[EventRounds "10"]
[EventCountry "IND"]
[SourceTitle "CB18_2025"]
[SourceDate "2025.04.30"]
[SourceVersion "1"]
[SourceVersionDate "2025.04.30"]
[SourceQuality "1"]

1. e4 e6 2. d4 d5 3. Nc3 Nf6 4. e5 Nfd7 5. f4 c5 6. Nf3 Nc6 7. Be3 Be7 8. Qd2 0-0 9. dxc5 Qa5 10. Nd4 Bxc5 11. Nb3 Bxe3 12. Qxe3 Qb4 13. a3 Qe7 14. Be2 Ndxe5 15. fxe5 d4 16. Qg3 dxc3 17. 0-0-0 cxb2+ 18. Kxb2 a5 19. a4 Bd7 20. Bb5 Rfd8 21. Rd6 Nb4 22. c4 Bxb5 23. axb5 a4 24. Nd2 Qc7 25. Ra1 Rxd6 26. exd6 Qc5 27. d7 Qd4+ 28. Qc3 Nd3+ 29. Kc2 Qxc3+ 30. Kxc3 Nc5 31. Kb4 b6 32. Nf3 Rd8 33. Rd1 Rxd7 34. Rxd7 Nxd7 35. Kxa4 Kf8 36. Kb4 Ke7 37. Kc3 Kd6 38. Ng5 f6 39. Nf3 e5 40. Kd3 f5 41. Nd2 g6 42. g3 e4+ 0-1

[Event "Bhubaneswar Odisha op"]
[Site "Bhubaneswar"]
[Date "2024.12.21"]
[Round "9"]
[White "Subhayan, Kundu"]
[Black "Dere, Pushkar"]
[Result "1-0"]
[WhiteElo "2395"]
[BlackElo "2229"]
[PlyCount "127"]
[EventDate "2024.12.15"]
[EventType "swiss"]
[EventRounds "10"]
[EventCountry "IND"]
[SourceTitle "CB52_2024"]
[SourceDate "2024.12.25"]
[SourceVersion "1"]
[SourceVersionDate "2024.12.25"]
[SourceQuality "1"]

1. e4 c6 2. d4 d5 3. e5 c5 4. Nf3 cxd4 5. Nxd4 Nc6 6. Nxc6 bxc6 7. Bd3 e6 8. 0-0 Ne7 9. Re1 a5 10. c3 Ba6 11. Bc2 Ng6 12. Nd2 Be7 13. Nf3 0-0 14. g3 Bc5 15. Nd4 Qc7 16. a3 Rfc8 17. Nf3 Qb6 18. Qd2 Bc4 19. h4 Ne7 20. Kg2 Rd8 21. Bb1 Ra7 22. h5 h6 23. Qc2 Kf8 24. Qh7 Bxf2 25. Qh8+ Ng8 26. Bh7 Bxe1 27. Nxe1 Ke7 28. Qxg7 Raa8 29. Nf3 Qb3 30. Ng5 Rf8 31. Nf3 Kd7 32. Bd2 Ne7 33. Qxh6 Rh8 34. Qg7 Be2 35. Rb1 Bxf3+ 36. Kxf3 Rag8 37. Bxg8 Rxg8 38. Qh7 Qc4 39. Bf4 a4 40. Rd1 Rb8 41. Qc2 Nf5 42. h6 Rh8 43. Qe2 Qb3 44. g4 Nxh6 45. Rd4 c5 46. Rd2 Ng8 47. Qa6 Qb8 48. Rxd5+ Ke7 49. Rxc5 Rh3+ 50. Kg2 Rh7 51. Qd6+ Qxd6 52. exd6+ Kd8 53. Ra5 Rg7 54. Kf3 Nf6 55. Ra8+ Kd7 56. Ra7+ Kd8 57. Be5 Rg6 58. Rxf7 Nxg4 59. Bd4 Rg8 60. Bb6+ Kc8 61. d7+ Kb8 62. Kf4 e5+ 63. Ke4 Rh8 64. d8R+ 1-0

[Event "Bhubaneswar Odisha op"]
[Site "Bhubaneswar"]
[Date "2024.12.17"]
[Round "4"]
[White "Soham, Roy1"]
[Black "Subhayan, Kundu"]
[Result "0-1"]
[WhiteElo "2016"]
[BlackElo "2395"]
[PlyCount "124"]
[EventDate "2024.12.15"]
[EventType "swiss"]
[EventRounds "10"]
[EventCountry "IND"]
[SourceTitle "CB52_2024"]
[SourceDate "2024.12.25"]
[SourceVersion "1"]
[SourceVersionDate "2024.12.25"]
[SourceQuality "1"]

1. e4 e5 2. Nf3 Nc6 3. Bc4 Nf6 4. d3 h6 5. 0-0 d6 6. a4 g5 7. a5 Bg7 8. a6 b6 9. Bb5 Bd7 10. Nbd2 0-0 11. Nc4 Ne7 12. Bxd7 Qxd7 13. h4 g4 14. Nh2 h5 15. g3 d5 16. exd5 Nfxd5 17. f3 f5 18. fxg4 fxg4 19. Ne3 Nxe3 20. Bxe3 Nf5 21. Bf2 Rf7 22. c3 Qb5 23. Qc2 Rd8 24. Rfd1 Bh6 25. Qe2 Rdf8 26. Rf1 e4 27. c4 Qe5 28. Qxe4 Qxe4 29. dxe4 Nd6 30. Kg2 Nxe4 31. Be1 Bg7 32. Ra2 Re8 33. b4 Nd6 34. c5 Nf5 35. Bf2 Bd4 36. Bxd4 Nxd4 37. cxb6 cxb6 38. Rd2 Re4 39. Rb1 b5 40. Rc1 Nf5 41. Nf1 Rxb4 42. Rc5 Kg7 43. Rf2 Kg6 44. Rc6+ Kg7 45. Rc5 Nd6 46. Rxf7+ Kxf7 47. Rxh5 Rb2+ 48. Kg1 Ke6 49. Rh6+ Ke7 50. Ne3 Rb3 51. Nd5+ Kd7 52. Nf6+ Kc7 53. Kf2 Rf3+ 54. Kg2 Nf5 55. Nd5+ Kd7 56. Rh7+ Kd6 57. Nf4 Rxg3+ 58. Kh2 Rf3 59. Ng2 Rf2 60. Kg1 g3 61. Rxa7 Nd4 62. Ne1 Ne2+ 0-1

[Event "Udaipur Kingdom of Chess op 1st"]
[Site "Udaipur"]
[Date "2024.10.26"]
[Round "7"]
[White "Subhayan, Kundu"]
[Black "Vedant, Yogesh Kale"]
[Result "1-0"]
[WhiteElo "2403"]
[BlackElo "1644"]
[PlyCount "77"]
[EventDate "2024.10.23"]
[EventType "swiss"]
[EventRounds "9"]
[EventCountry "IND"]
[SourceTitle "CB44_2024"]
[Source "Chessbase"]
[SourceDate "2024.10.30"]
[SourceVersion "1"]
[SourceVersionDate "2024.10.30"]
[SourceQuality "1"]

1. f4 Nf6 2. Nf3 g6 3. d3 Bg7 4. e4 d6 5. g3 0-0 6. Nc3 Nbd7 7. Bg2 e5 8. 0-0 Ne8 9. f5 Nef6 10. h3 Nc5 11. g4 h6 12. g5 hxg5 13. Bxg5 c6 14. Nh4 Qe8 15. Qd2 Ncd7 16. Ne2 Nh7 17. Be3 Bf6 18. Nf3 gxf5 19. exf5 Nb6 20. Ng3 Kh8 21. Ne4 Qe7 22. c4 Bxf5 23. Nxf6 Qxf6 24. Ng5 Qg6 25. Rf3 Nxg5 26. Bxg5 Rg8 27. Bh4 e4 28. Rxf5 e3 29. Qc3+ Kh7 30. Rg5 Qe6 31. Rf1 d5 32. Rh5+ Kg6 33. Re5 Qd7 34. Rg5+ Kh6 35. Rf6+ Rg6 36. Rfxg6+ fxg6 37. Qf6 Rg8 38. Rh5+ Kxh5 39. Qg5# 1-0

[Event "Udaipur Kingdom of Chess op 1st"]
[Site "Udaipur"]
[Date "2024.10.25"]
[Round "5"]
[White "Mehta, Naitik R"]
[Black "Subhayan, Kundu"]
[Result "1-0"]
[WhiteElo "2019"]
[BlackElo "2403"]
[PlyCount "97"]
[EventDate "2024.10.23"]
[EventType "swiss"]
[EventRounds "9"]
[EventCountry "IND"]
[SourceTitle "CB44_2024"]
[Source "Chessbase"]
[SourceDate "2024.10.30"]
[SourceVersion "1"]
[SourceVersionDate "2024.10.30"]
[SourceQuality "1"]

1. e4 c5 2. Nf3 Nc6 3. d4 cxd4 4. Nxd4 Nf6 5. Nc3 d6 6. Bc4 e6 7. Bb3 Be7 8. 0-0 a6 9. Kh1 0-0 10. f4 Na5 11. f5 Nxb3 12. axb3 Bd7 13. Bg5 h6 14. Bh4 Rc8 15. Qd3 Qc7 16. Rad1 b5 17. Rd2 b4 18. Nd1 e5 19. Ne2 Bb5 20. Qf3 Qb7 21. Bxf6 Bxf6 22. c4 bxc3 23. Ndxc3 Bc6 24. Rxd6 Qxb3 25. Ng3 Rfd8 26. Rxf6 gxf6 27. Nh5 Rd6 28. Qf2 Qc4 29. Re1 Kf8 30. h3 Rcd8 31. Qe3 Qb4 32. Qxh6+ Ke7 33. Re2 a5 34. Kh2 a4 35. Rc2 Qb7 36. Qe3 Qb4 37. Qh6 Qb6 38. h4 Qb7 39. Qe3 Rd4 40. Nxf6 Rh8 41. Qg5 Kf8 42. Nh5 Rh7 43. Nd5 Rxd5 44. exd5 Be8 45. Nf6 Rh8 46. Nxe8 Kxe8 47. Qf6 Rh5 48. Qxe5+ Kf8 49. Rc7 1-0

[Event "SRI-ch Dini"]
[Site "Colombo"]
[Date "2024.08.02"]
[Round "8"]
[White "Subhayan, Kundu"]
[Black "Ghosh, Diptayan"]
[Result "1/2-1/2"]
[WhiteElo "2349"]
[BlackElo "2568"]
[PlyCount "73"]
[EventDate "2024.07.29"]
[EventType "swiss"]
[EventRounds "10"]
[EventCountry "SRI"]
[SourceTitle "CBM 221 Extra"]
[Source "ChessBase"]
[SourceDate "2024.09.30"]
[SourceVersion "1"]
[SourceVersionDate "2024.09.30"]
[SourceQuality "1"]

1. e4 e6 2. d4 d5 3. exd5 exd5 4. Nf3 Nf6 5. Bd3 Bd6 6. 0-0 0-0 7. Nc3 c6 8. Ne2 Re8 9. Bf4 Bg4 10. Ne5 Bh5 11. f3 Bg6 12. c3 Qc7 13. Nxg6 hxg6 14. Bxd6 Qxd6 15. Qd2 c5 16. dxc5 Qxc5+ 17. Nd4 Nc6 18. Qf2 Qb6 19. Rab1 Re7 20. Rfd1 Rae8 21. Bf1 Qc7 22. Nb5 Qb8 23. Nd4 Re5 24. Nc2 g5 25. h3 Nh5 26. Re1 Nf4 27. Rxe5 Rxe5 28. Re1 g6 29. Rxe5 Qxe5 30. Qe3 Qf6 31. Bb5 a5 32. Bxc6 bxc6 33. a4 Kh7 34. Kf1 Qf5 35. Qd2 c5 36. Qe3 Qf6 37. Kg1 1/2-1/2

[Event "SRI-ch Dini"]
[Site "Colombo"]
[Date "2024.07.31"]
[Round "4"]
[White "Subhayan, Kundu"]
[Black "Galappaththi, Chinthaka Anuruddh"]
[Result "1-0"]
[WhiteElo "2349"]
[BlackElo "1924"]
[PlyCount "119"]
[EventDate "2024.07.29"]
[EventType "swiss"]
[EventRounds "10"]
[EventCountry "SRI"]
[SourceTitle "CBM 221 Extra"]
[Source "ChessBase"]
[SourceDate "2024.09.30"]
[SourceVersion "1"]
[SourceVersionDate "2024.09.30"]
[SourceQuality "1"]

1. e4 e6 2. d4 d5 3. Nd2 dxe4 4. Nxe4 Nd7 5. Nf3 Ngf6 6. Bg5 Be7 7. Nxf6+ Nxf6 8. c3 0-0 9. Bd3 b6 10. Qc2 h6 11. Bxf6 Bxf6 12. Bh7+ Kh8 13. Be4 Rb8 14. 0-0-0 Bb7 15. Bxb7 Rxb7 16. Kb1 c6 17. h4 g6 18. h5 g5 19. Ne5 Rc7 20. f4 gxf4 21. Qe4 Bg5 22. Nxc6 Qd5 23. Qxd5 exd5 24. Ne5 Re8 25. Rde1 Kg7 26. Kc2 Rce7 27. Kd1 Kf6 28. Nc6 Rxe1+ 29. Rxe1 Rxe1+ 30. Kxe1 a5 31. Ke2 Ke6 32. Kf3 f6 33. a4 Bh4 34. Na7 Be1 35. Ke2 Bg3 36. Nc8 Kd7 37. Nxb6+ Kc6 38. Nc8 Kd7 39. Na7 Bh2 40. Kf3 Bg3 41. b3 Be1 42. c4 Bd2 43. Nb5 f5 44. Ke2 Be3 45. Kd3 Bc1 46. Nc3 dxc4+ 47. bxc4 Kc6 48. Ne2 Be3 49. g3 Bf2 50. gxf4 Kd6 51. c5+ Kd5 52. Nc3+ Kc6 53. Kc4 Be3 54. d5+ Kc7 55. Ne2 Kd7 56. Nd4 Bxf4 57. Nxf5 Bd2 58. d6 Ke6 59. Nd4+ Kd7 60. Kd5 1-0